| 000 | 00524nam a2200169 i 4500 | ||
|---|---|---|---|
| 001 | 63812 | ||
| 003 | ES-MaACL | ||
| 005 | 20251017063051.0 | ||
| 007 | t| | ||
| 008 | 031217s1964 sp ||||1| spa d | ||
| 100 | 1 |
_aYebes, Eduardo Figueroa y Alonso Martínez, _cConde de _9117604 |
|
| 245 | 1 | 3 |
_aLa caza en España / _cdirector técnico Conde de Yebes. |
| 260 |
_a[Madrid] : _bOrel, _c[1964] |
||
| 300 |
_a2 v., 125 lám. : _bil. ; _c28 cm. |
||
| 852 |
_aES-MaACL _jC-26578-9 _bR.55634 |
||
| 999 |
_c63812 _d63812 |
||